| 000 | 00501nam a2200181Ia 4500 | ||
|---|---|---|---|
| 001 | 32710 | ||
| 003 | IN-NITTTR | ||
| 005 | 20251114233435.0 | ||
| 008 | 251113s9999||||xx |||||||||||||| ||eng|| | ||
| 040 | _beng | ||
| 040 | _cIN-NITTTR | ||
| 041 | _aeng | ||
| 082 | _aTA656.6 .N65 2016eb | ||
| 100 | _aRiveiro, Bele?n | ||
| 245 | 0 |
_aNon-Destructive Techniques for the Evaluation of Structures and Infrastructure / _cRiveiro, Bele?n, Solla, Mercedes |
|
| 700 | _a Solla, Mercedes | ||
| 942 |
_2ddc _cBK |
||
| 999 |
_c35507 _d35507 |
||